| 000 | 00371 a2200169 4500 | ||
|---|---|---|---|
| 001 | 191167 | ||
| 020 | _a85-10-03738-8 | ||
| 040 | _cMagnum | ||
| 100 | _aRibeiro, Jonas | ||
| 240 | 1 | 0 |
_aCirco faz-de-conta _lpor |
| 245 | 1 | 0 | _aCirco faz-de-conta |
| 300 | _a39 | ||
| 362 | 0 | _a2006 | |
| 440 | 1 | _aEditora do Brasil | |
| 697 | _aLITERATURA INFANTO-JUVENIL | ||
| 942 | _cBK | ||
| 999 |
_c191167 _d191167 |
||